00619nam a2200169 a 450000100100000000500170001000800410002702000150006804000250008310000340010824500660014226000660020830000270027459000260030195201050032799900170043200003773320201002031116.0130304s1991 sp a 000 0 spa d a8445302663 aDO-SdBNPbspacBNPHU1 aFraga Iribarne, Manuel96296410aÁlvaro cunqueiro :bdos discursos /cManuel Fraga Iribarne. aSantiago de Compostela, España :bXunta de Galicia ,c1991. a58 p. :bil. ;c25 cm. aInventariado, 2019/VM 001050718MOaGRbGRcHDd2013-03-04iLF1l0o p37733-10r2020-06-25w2020-06-25y1ZNo se presta c37223d37223